Objet par image #1 - Statistiques

Statistiques générales
  • Ce quiz a été pris 144 fois
  • Le résultat moyen est 14 sur 16
Statistiques - réponses
Par images Réponse % Correct
Crayon
100%
Avion
98%
Fourchette
98%
Vélo
98%
Robinet
96%
Route
96%
Drapeau
95%
Porte
94%
Téléphone
92%
Globe
90%
Ordinateur
90%
Boite
86%
Maison
82%
Fenêtre
70%
Papier
63%
Tricot
4%
Aucun quiz correspondant
Distribution des résultats
% des personnes avec chaque résultat
Percentile par nombre de réponses
Votre historique - résultats
Vous n’avez pas pris ce quiz